000 00298nam a2200121Ia 4500
008 191201s1987 xx 000 0 und d
100 _aMACCHIAVELLI,Augustto
245 0 _a11th Workshop in Nuclear Physics
260 _bWorld scientific
_c1987
300 _a595
650 _aApplied
942 _2ddc
_cBK
999 _c626
_d626